000 00360nam a2200157Ia 4500
005 20250603150009.0
008 250603s9999 xx 000 0 und d
050 _aZ 858 .U42/
245 0 _aUniversity of Ilorin-Annual Report
260 _aIlorin
260 _bUniversity of Ilorin
260 _c2008
300 _a99 p
650 _aIlorin
942 _cBK
999 _c43461
_d43461